000 00629nam a2200157Ia 4500
008 090124s9999 xx 000 0 und d
082 _b9598
245 _a मुक्तेश्र्वरकृत हरिश्चंद्राख्यान
250 _a0
260 _bगोदा प्रकाशन
_c1977
300 _a107
630 _a मुक्तेश्र्वरकृत हरिश्चंद्राख्यान
700 _aओक सुनेत्रा
730 _a मुक्तेश्र्वरकृत हरिश्चंद्राख्यान
942 _cBOOK
999 _c85784
_d85784